<?xml version="1.0" encoding="UTF-8"?>
<record
    xmlns:xsi="http://www.w3.org/2001/XMLSchema-instance"
    xsi:schemaLocation="http://www.loc.gov/MARC21/slim http://www.loc.gov/standards/marcxml/schema/MARC21slim.xsd"
    xmlns="http://www.loc.gov/MARC21/slim">

  <leader>01753    a2200241   4500</leader>
  <controlfield tag="001">59202</controlfield>
  <controlfield tag="005">20260407155846.0</controlfield>
  <controlfield tag="008">260407a2021    arg                 spa d</controlfield>
  <controlfield tag="003">AR-UNSa-BCEJYS</controlfield>
  <datafield tag="040" ind1=" " ind2=" ">
    <subfield code="a">AR-UNSa-BCEJYS</subfield>
    <subfield code="b">spa</subfield>
    <subfield code="c">AR-UNSa-BCEJYS</subfield>
  </datafield>
  <datafield tag="080" ind1=" " ind2=" ">
    <subfield code="a">330.101.541</subfield>
    <subfield code="x">Macroeconom&#xED;a</subfield>
  </datafield>
  <datafield tag="245" ind1="1" ind2="0">
    <subfield code="a">Macroeconom&#xED;a</subfield>
    <subfield code="p">versi&#xF3;n para Am&#xE9;rica Latina</subfield>
  </datafield>
  <datafield tag="020" ind1=" " ind2=" ">
    <subfield code="a">978-607-570-013-7</subfield>
  </datafield>
  <datafield tag="250" ind1=" " ind2=" ">
    <subfield code="a">7a. ed.</subfield>
  </datafield>
  <datafield tag="264" ind1=" " ind2="1">
    <subfield code="a">M&#xE8;xico :</subfield>
    <subfield code="b">Cengage Learning</subfield>
    <subfield code="c">2021</subfield>
  </datafield>
  <datafield tag="300" ind1=" " ind2=" ">
    <subfield code="a">xxix, 498 p.</subfield>
    <subfield code="c">27 cm.</subfield>
  </datafield>
  <datafield tag="505" ind1=" " ind2=" ">
    <subfield code="a">1. Los diez principios de la econom&#xED;a - 2. Pensar como economista - 3. Interdependencia y ganancias del comercio - 4. Fuerzas del mercado de la oferta y la demanda - 5. Elasticidad y sus aplicaciones - 6. Oferta, demanda y pol&#xED;ticas gubernamentales - 7. Consumidores, productores y eficiencia de los mercados - 8. Aplicaci&#xF3;n: costos de los impuestos - 9. Aplicaci&#xF3;n: Comercio internacional - 10. Medici&#xF3;n del ingreso de una naci&#xF3;n - 11. Medici&#xF3;n del costo de vida - 12. Producci&#xF3;n y crecimiento - 13. Ahorro, inversi&#xF3;n y sistema financiero - 14. Herramientas financieras b&#xE1;sicas - 15. Desempleo - 16. El sistema monetario - 17. Crecimiento del dinero e inflaci&#xF3;n - 18. Macroeconom&#xED;a de una econom&#xED;a abierta: conceptos b&#xE1;sicos - 19. Teor&#xED;a macroecon&#xF3;mica de la econom&#xED;a abierta - 20. Demanda agregada y oferta agregada - 21. C&#xF3;mo influyen las pol&#xED;ticas monetaria y fiscal en la demanda agregada - 22. Disyuntiva a corto plazo entre inflaci&#xF3;n y desempleo - 23. Seis debates sobre pol&#xED;tica macroecon&#xF3;mica </subfield>
  </datafield>
  <datafield tag="041" ind1=" " ind2=" ">
    <subfield code="a">spa</subfield>
  </datafield>
  <datafield tag="942" ind1=" " ind2=" ">
    <subfield code="c">BK</subfield>
  </datafield>
  <datafield tag="590" ind1=" " ind2=" ">
    <subfield code="a">niveau_biblio:m niveau_hierar:0</subfield>
  </datafield>
  <datafield tag="100" ind1="1" ind2=" ">
    <subfield code="a">Mankiw, N. Gregory</subfield>
  </datafield>
  <datafield tag="856" ind1="4" ind2="1">
    <subfield code="u">https://biblioeco.unsa.edu.ar/pmb/images/libros/L129020.jpg</subfield>
    <subfield code="y">Imagen de portada</subfield>
    <subfield code="q">image/jpeg</subfield>
  </datafield>
  <datafield tag="999" ind1=" " ind2=" ">
    <subfield code="c">6621</subfield>
    <subfield code="d">6621</subfield>
  </datafield>
  <datafield tag="952" ind1=" " ind2=" ">
    <subfield code="0">0</subfield>
    <subfield code="1">0</subfield>
    <subfield code="4">0</subfield>
    <subfield code="7">0</subfield>
    <subfield code="a">BCEJYS</subfield>
    <subfield code="b">BCEJYS</subfield>
    <subfield code="c">16</subfield>
    <subfield code="d">2026-04-07</subfield>
    <subfield code="l">0</subfield>
    <subfield code="o">330.101.541 M278 7ed.</subfield>
    <subfield code="p">L129018</subfield>
    <subfield code="r">2026-04-07 15:58:46</subfield>
    <subfield code="w">2026-04-07</subfield>
    <subfield code="y">L</subfield>
  </datafield>
  <datafield tag="952" ind1=" " ind2=" ">
    <subfield code="0">0</subfield>
    <subfield code="1">0</subfield>
    <subfield code="4">0</subfield>
    <subfield code="7">0</subfield>
    <subfield code="a">BCEJYS</subfield>
    <subfield code="b">BCEJYS</subfield>
    <subfield code="c">16</subfield>
    <subfield code="d">2026-04-07</subfield>
    <subfield code="l">0</subfield>
    <subfield code="o">330.101.541 M278 7ed.</subfield>
    <subfield code="p">L129019</subfield>
    <subfield code="r">2026-04-07 15:58:46</subfield>
    <subfield code="w">2026-04-07</subfield>
    <subfield code="y">L</subfield>
  </datafield>
  <datafield tag="952" ind1=" " ind2=" ">
    <subfield code="0">0</subfield>
    <subfield code="1">0</subfield>
    <subfield code="4">0</subfield>
    <subfield code="7">0</subfield>
    <subfield code="a">BCEJYS</subfield>
    <subfield code="b">BCEJYS</subfield>
    <subfield code="c">16</subfield>
    <subfield code="d">2026-04-07</subfield>
    <subfield code="l">0</subfield>
    <subfield code="o">330.101.541 M278 7ed.</subfield>
    <subfield code="p">L129020</subfield>
    <subfield code="r">2026-04-07 15:58:46</subfield>
    <subfield code="w">2026-04-07</subfield>
    <subfield code="y">L</subfield>
  </datafield>
</record>
